| 000 | 00580nam a2200181 a 4500 | ||
|---|---|---|---|
| 005 | 20140412111309.0 | ||
| 008 | 030415s19uu xx 00 eng d | ||
| 020 | _a1-896298-02-8 | ||
| 050 |
_aER _bDr657 1994 |
||
| 100 | _aHenry, Brian | ||
| 245 |
_aDr. Jekyll & Mr. Hyde / _cAdapted by Brian Henry ; illustrated by Susan Moshynski. |
||
| 260 |
_aOntario, Canada : _bTribute Publishing Inc, _c1994. |
||
| 300 | _a32 p. ; ill. | ||
| 440 | _aThe Pagemaster Classic Series | ||
| 500 | _aAdapted from the noverl by Robert Louis Stevenson | ||
| 650 | _aFiction | ||
| 999 |
_c103858 _d103858 |
||